00308pab a2200121 454500008004000000100002400040245003600064260000900100300001300109362001000122650002000132773003400152180718b2014 xxu||||| |||| 00| 0 eng d aChandrasekhar, C.P. aOff - target on monetary policy c2014 ap.27-30. a1 Mar aMonetary policy aEconomic and Political Weekly